| 000 | 01399nam a22002777a 4500 | ||
|---|---|---|---|
| 001 | 000762 | ||
| 003 | DO-SdBNP | ||
| 005 | 20180214110653.0 | ||
| 007 | 000762 | ||
| 008 | 161129b 2010 uy a ||||| |||| 00| 0 spa d | ||
| 020 | _a9789974686724 | ||
| 040 |
_aBPMSU _bspa _cBPMSU |
||
| 082 | 4 |
_a600 _bA559d |
|
| 100 | 1 | _aAndreis, Claudia | |
| 245 | 1 | 0 |
_aA descubrir y conocer la magia de la tecnología : _biniciación al conocimiento tecnológico aplicado / _credacción Claudia Andreis. |
| 260 | 0 |
_aMontevideo, Rep. Oriental del Uruguay : _bArquetipo Grupo Editorial, _bLexus, _c2010. |
|
| 300 |
_a264 p. : _bil. ; _c27 cm. + _eCD-ROM |
||
| 505 | 0 |
_tIntroducción a la tecnología. Antes y ahora -- _t La vivienda. Casa para todos -- _tLa escuela. Un lugar para aprender -- _tLa alimentación. ¡Saber qué comemos! -- _tEl transporte. De aquí para allá -- _t La vestimenta. ¡A vestirse! -- _tLa comunicación y la información. ¡De las cuevas a los satélites! -- _tEl recreación. ¡Qué divertido! -- _t La energía y las máquinas. Una buena ayuda -- _tEl ambiente y el hombre. ¡Protejamos nuestro planeta! -- _tRecorrimos juntos un mágico mundo. |
|
| 650 | 4 | _aTECNOLOGÍA | |
| 650 | 4 | _aCOMUNICACIÓN | |
| 650 | 4 | _aINDUSTRIA TEXTIL | |
| 910 | _aValidado. Control de calidad MFF | ||
| 942 |
_2ddc _cBK |
||
| 945 | _aInventariado, 2018/MFF | ||
| 956 |
_2LOPEREZ _310 _620161129 _8BPMSU _a00041 |
||
| 999 |
_c12149 _d12149 |
||